<?xml version="1.0" encoding="UTF-8"?>
<record
    xmlns:xsi="http://www.w3.org/2001/XMLSchema-instance"
    xsi:schemaLocation="http://www.loc.gov/MARC21/slim http://www.loc.gov/standards/marcxml/schema/MARC21slim.xsd"
    xmlns="http://www.loc.gov/MARC21/slim">

  <leader>04766nam a22002777a 4500</leader>
  <controlfield tag="005">20240305165511.0</controlfield>
  <controlfield tag="007">cr||||   |||| </controlfield>
  <controlfield tag="008">180927s2018    es |||||s|||| 00||0 spa d</controlfield>
  <datafield tag="020" ind1=" " ind2=" ">
    <subfield code="a">978-84-9148-702-9</subfield>
  </datafield>
  <datafield tag="035" ind1=" " ind2=" ">
    <subfield code="a">21990</subfield>
  </datafield>
  <datafield tag="040" ind1=" " ind2=" ">
    <subfield code="a">vLex</subfield>
  </datafield>
  <datafield tag="090" ind1=" " ind2=" ">
    <subfield code="c">8130</subfield>
    <subfield code="d">8130</subfield>
  </datafield>
  <datafield tag="100" ind1="1" ind2=" ">
    <subfield code="a">Ib&#xE1;&#xF1;ez Jim&#xE9;nez, Javier Wenceslao</subfield>
  </datafield>
  <datafield tag="245" ind1="1" ind2="0">
    <subfield code="a">Blockchain</subfield>
    <subfield code="h">[Recurso electr&#xF3;nico] :</subfield>
    <subfield code="b">primeras cuestiones en el ordenamiento espa&#xF1;ol /</subfield>
    <subfield code="c">Javier Wenceslao Ib&#xE1;&#xF1;ez Jim&#xE9;nez</subfield>
  </datafield>
  <datafield tag="256" ind1=" " ind2=" ">
    <subfield code="a">Servicio en l&#xED;nea</subfield>
  </datafield>
  <datafield tag="260" ind1=" " ind2=" ">
    <subfield code="a">Madrid:</subfield>
    <subfield code="b">Dykinson,</subfield>
    <subfield code="c">2018</subfield>
  </datafield>
  <datafield tag="300" ind1=" " ind2=" ">
    <subfield code="a">1 recurso electr&#xF3;nico</subfield>
  </datafield>
  <datafield tag="500" ind1=" " ind2=" ">
    <subfield code="a">Distamos pocos a&#xF1;os de notar en la vida diaria, pero especialmente en nuestras relaciones con los bancos y las instituciones p&#xFA;blicas, el fulgurante impacto de la tecnolog&#xED;a blockchain. Se dice con raz&#xF3;n que su uso entra&#xF1;a una revoluci&#xF3;n de alcance incluso mayor del que supuso hace dos d&#xE9;cadas la irrupci&#xF3;n de internet. Conocida mundialmente por la bien ganada fama de la divisa algor&#xED;tmica Bitcoin, esta tecnolog&#xED;a consiste, en esencia, en una base de datos dispersa en cualesquiera ordenadores conectados a internet, y habilitados para reproducirlos o compartirlos conforme a reglas uniformes, con gran seguridad t&#xE9;cnica y confidencialidad. Atributos obedientes al uso criptogr&#xE1;fico de combinaciones algor&#xED;tmicas, que, virtualmente irrepetibles, impiden manipular en modo alguno los datos, consignados indefinidamente en una suerte de registro difuso o disperso (distributed ledger). Muchas industrias, comenzando por la financiera, la energ&#xE9;tica y la tecnol&#xF3;gica, ya se benefician de estas bases de datos, incorporando estos a transacciones virtuales consistentes en el traslado de datos encriptados, firmados con claves criptogr&#xE1;ficas y agrupados mediante sellado electr&#xF3;nico de hashes enlazados, que se encadenan creando bloques estructurados de informaci&#xF3;n, (de ah&#xED; el nomen blockchain). Los bloques, a disposici&#xF3;n de todos los miembros de una red &#x93;distribuida&#x94; a perpetuidad, permiten acceder a la informaci&#xF3;n de las transacciones, conforme al sistema de acceso o recuperaci&#xF3;n previsto por los participantes en el sistema. Lo cual resulta id&#xF3;neo, en la esfera jur&#xED;dica y entre otras muchas utilidades como la relativa a la creaci&#xF3;n de un nuevo modelo de identidad digital, para ofrecer o proponer, celebrar, documentar, registrar y verificar el contenido obligacional de contratos. Cada bloque de informaci&#xF3;n muestra indubitadamente la fecha de ingreso de los datos, y remite a los datos contenidos en todos los bloques previos o antecedentes vinculados en este libro-registro telem&#xE1;tico. Esta tecnolog&#xED;a inform&#xE1;tica, conocida como DLT, aporta ventajas sustanciales a particulares y empresas en los &#xE1;mbitos de la vida jur&#xED;dica que marcar&#xE1;n el futuro inmediato como la precitada identidad digital, el comercio on line, el dinero virtual, los mercados de tokens o la contrataci&#xF3;n inteligente. El uso de blockchain es extensible a toda la vida civil y mercantil, y crea problemas novedosos de control administrativo nacional y transfronterizo. Existe el riesgo de que ese uso comprometa la integridad de los mercados, la tutela de inversores y consumidores, e incluso la estabilidad econ&#xF3;mica y financiera. De ah&#xED; la necesidad de encauzarlo normativamente; sin embargo, una regulaci&#xF3;n inadecuada disuadir&#xE1; a los operadores y desincentivar&#xE1; a la industria tecnol&#xF3;gica. La presente obra orienta al lector hacia la re?exi&#xF3;n normativa acerca de las cuestiones esenciales que presentan los registros distribuidos en cada &#xE1;mbito jur&#xED;dico, desde la &#xF3;ptica del ordenamiento espa&#xF1;ol, y principalmente en las &#xE1;reas del derecho, civil patrimonial, registral, contable, de la contrataci&#xF3;n mercantil y de los mercados financieros. El autor aporta a la obra el conocimiento y la experiencia innovadora de su participaci&#xF3;n en la red Alastria, constituida en octubre de 2017 con forma jur&#xED;dica de asociaci&#xF3;n de derecho privado, que est&#xE1; sirviendo como modelo de construcci&#xF3;n de nuevas redes DLT colaborativas interinstitucionales (con participaci&#xF3;n de empresas y Administraciones P&#xFA;blicas) en Europa y Am&#xE9;rica.</subfield>
  </datafield>
  <datafield tag="506" ind1="1" ind2=" ">
    <subfield code="a">Disponible solo en los productos indicados</subfield>
    <subfield code="d">vLex Global</subfield>
    <subfield code="d">vLex Global (Academic Edition, excluding Law Schools)</subfield>
    <subfield code="d">vLex Global (U.S. Academic Edition, Law Schools)</subfield>
    <subfield code="d">vLex Global (U.S. Academic Edition, excluding Law Schools)</subfield>
    <subfield code="d">vLex Global (Academic Edition, Law Schools)</subfield>
  </datafield>
  <datafield tag="650" ind1="0" ind2="4">
    <subfield code="a">Derecho Mercantil y de la Empresa</subfield>
    <subfield code="z">Espa&#xF1;a</subfield>
  </datafield>
  <datafield tag="650" ind1="0" ind2="4">
    <subfield code="a">Sociedades</subfield>
    <subfield code="z">Espa&#xF1;a</subfield>
  </datafield>
  <datafield tag="650" ind1="0" ind2="4">
    <subfield code="a">Derecho de las Nuevas Tecnolog&#xED;as</subfield>
    <subfield code="z">Espa&#xF1;a</subfield>
  </datafield>
  <datafield tag="740" ind1="0" ind2=" ">
    <subfield code="a">vLex Libros (Servicio en l&#xED;nea)</subfield>
  </datafield>
  <datafield tag="856" ind1="4" ind2="0">
    <subfield code="u">https://app.vlex.com/#/sources/blockchain-primeras-cuestiones-en-el-ordenamiento-espa-ol-21990</subfield>
  </datafield>
  <datafield tag="942" ind1=" " ind2=" ">
    <subfield code="c">RAA</subfield>
  </datafield>
  <datafield tag="952" ind1=" " ind2=" ">
    <subfield code="0">0</subfield>
    <subfield code="1">0</subfield>
    <subfield code="4">0</subfield>
    <subfield code="7">0</subfield>
    <subfield code="8">VLEX</subfield>
    <subfield code="9">324341</subfield>
    <subfield code="a">BD-UIN</subfield>
    <subfield code="b">BD-UIN</subfield>
    <subfield code="d">2024-03-05</subfield>
    <subfield code="l">0</subfield>
    <subfield code="p">21990</subfield>
    <subfield code="r">2024-03-05</subfield>
    <subfield code="w">2024-03-05</subfield>
    <subfield code="y">RAA</subfield>
  </datafield>
  <datafield tag="999" ind1=" " ind2=" ">
    <subfield code="c">166367</subfield>
    <subfield code="d">166367</subfield>
  </datafield>
</record>
